| 000 | 00723nam a2200193Ia 4500 | ||
|---|---|---|---|
| 005 | 20250530161403.0 | ||
| 008 | 210122b ###||||| |||| 00| 0 spa d | ||
| 040 |
_aBIBLIOTECA MUNICIPAL DE BARRANCO _cBIBLIOTECA MUNICIPAL DE BARRANCO |
||
| 043 | _cPe. | ||
| 082 |
_a869.56 _bT35U 1990. |
||
| 100 | _aTelleria Solari Maria | ||
| 245 | 0 |
_aUna visita al paraíso : _bcrónicas del Halley / _cilustración de la autora María Tellería Solari. |
|
| 260 |
_aLima : _bCONCYTEC, _c1990. |
||
| 300 |
_a62 p. : _bil. ; _c20 cm. |
||
| 650 | 0 |
_97465 _aCuentos peruanos-Siglo XX. |
|
| 710 |
_9939 _aConsejo Nacional de Ciencia y Tecnología (Perú) |
||
| 942 |
_cBK _2ddc _zAAOH _e2025-05-30 |
||
| 999 |
_c2742 _d2742 |
||